Statistics for New Hollywood Directors

Click here to take the quiz!

General Stats

  • This quiz has been taken 329 times
    (182 since last reset)
  • The average score is 10 of 14

Answer Stats

HintAnswer% Correct
Mean Streets | Alice Doesn't Live Here Anymore | Taxi DriverMartin Scorsese
99%
The Godfather | The Conversation | Apocalypse NowFrancis Ford Coppola
98%
Serpico | Dog Day Afternoon | NetworkSidney Lumet
81%
The French Connection | The Exorcist | CruisingWilliam Friedkin
79%
Sisters | Obsession | CarrieBrian de Palma
78%
M*A*S*H | The Long Goodbye | NashvilleRobert Altman
78%
Thunderbolt and Lightfood | The Deer Hunter | Heaven's GateMichael Cimino
76%
Who's Afraid of Virginia Woolf? | The Graduate | Catch-22Mike Nichols
72%
The Wild Bunch | Straw Dogs | Bring Me the Head of Alfredo GarciaSam Peckinpah
60%
The Last Picture Show | What's Up, Doc? | Paper MoonPeter Bogdanovich
55%
Klute | The Parallax View | All the President's MenAlan J. Pakula
53%
Bonnie and Clyde | Alice's Restaurant | Little Big ManArthur Penn
47%
Harold and Maude | The Last Detail | Being ThereHal Ashby
45%
They Shoot Horses, Don't They? | Jeremiah Johnson | Three Days of the CondorSydney Pollack
43%

Score Distribution

Percentile by Number Answered

Percent of People with Each Score

Your Score History

You have not taken this quiz since the last reset